[Event "GER-ch U14"]
[Site "Willingen"]
[Date "2017.06.09"]
[Round "8"]
[White "Buller, Ian Joshua"]
[Black "Meric, Geoffrey"]
[Result "0-1"]
[WhiteElo "1677"]
[BlackElo "1916"]
[PlyCount "56"]
[EventDate "2017.06.04"]
[EventType "swiss"]
[EventRounds "9"]
[EventCountry "GER"]
[SourceTitle "CBM 178 Extra"]
[Source "ChessBase"]
[SourceDate "2017.06.22"]
[SourceVersion "1"]
[SourceVersionDate "2017.06.22"]
[SourceQuality "1"]

1. e4 c5 2. Nf3 d6 3. Bb5+ Nd7 4. 0-0 a6 5. Bd3 Ngf6 6. Re1 e5 7. c3 Be7 8. Bf1 0-0 9. d4 Qc7 10. Na3 b5 11. Nc2 Bb7 12. d5 Ne8 13. Ne3 Nb6 14. Nf5 Bc8 15. Nxe7+ Qxe7 16. g3 f5 17. Bg5 Qf7 18. exf5 Qxf5 19. Bg2 e4 20. Qc2 exf3 21. Qxf5 Bxf5 22. Bxf3 Nf6 23. Bxf6 gxf6 24. Re7 Bd7 25. Bh5 Rad8 26. Rd1 Nc8 27. Re4 Bf5 28. Rf4 Bg6 0-1

[Event "Hannover-chA"]
[Site "Lehrte"]
[Date "2016.10.04"]
[Round "7"]
[White "Meric, Geoffrey"]
[Black "Schoenfeld, Dietmar"]
[Result "1/2-1/2"]
[WhiteElo "1802"]
[BlackElo "1888"]
[PlyCount "82"]
[EventDate "2016.10.01"]
[EventType "swiss"]
[EventRounds "7"]
[EventCountry "GER"]
[SourceTitle "EXT 2020"]
[Source "ChessBase"]
[SourceDate "2019.10.17"]
[SourceVersion "1"]
[SourceVersionDate "2019.10.17"]
[SourceQuality "1"]

1. e4 c5 2. Nf3 d6 3. d4 cxd4 4. Nxd4 Nf6 5. Nc3 a6 6. g3 e5 7. Nb3 Be7 8. Bg2 0-0 9. 0-0 Nc6 10. Bg5 Be6 11. Re1 Rc8 12. Bxf6 Bxf6 13. Nd2 Nd4 14. Nf1 b5 15. Ne3 b4 16. Ncd5 Bxd5 17. exd5 Qb6 18. h4 Rc7 19. Bh3 g6 20. Kg2 Bg7 21. a3 a5 22. axb4 axb4 23. Qd3 Qc5 24. Rec1 Bh6 25. Kh1 Bxe3 26. fxe3 Nxc2 27. Bd7 Nxa1 28. Rxc5 Rxc5 29. Qa6 Rc1+ 30. Kh2 b3 31. Qxd6 Rc2+ 32. Kh3 Rxb2 33. Qxe5 Ra2 34. h5 h6 35. hxg6 fxg6 36. Be6+ Kh7 37. Qc7+ Kh8 38. Qe5+ Kh7 39. Qc7+ Kh8 40. Qe5+ Kh7 41. Qc7+ Kh8 1/2-1/2

[Event "GER-ch U14"]
[Site "Willingen"]
[Date "2016.05.21"]
[Round "9"]
[White "Meric, Geoffrey"]
[Black "Bajorski, Marius"]
[Result "0-1"]
[WhiteElo "1803"]
[BlackElo "1688"]
[PlyCount "116"]
[EventDate "2016.05.15"]
[EventType "swiss"]
[EventRounds "9"]
[EventCountry "GER"]
[SourceTitle "CBM 172 Extra"]
[Source "ChessBase"]
[SourceDate "2016.06.21"]
[SourceVersion "1"]
[SourceVersionDate "2016.06.21"]
[SourceQuality "1"]

1. e4 e5 2. Nf3 Nc6 3. Bb5 a6 4. Ba4 Nf6 5. d3 d6 6. c3 g6 7. 0-0 Bg7 8. Re1 0-0 9. d4 b5 10. Bc2 Re8 11. d5 Nb8 12. a4 Bb7 13. Bd3 Qd7 14. Qb3 c6 15. dxc6 Bxc6 16. axb5 axb5 17. Rxa8 Bxa8 18. Bxb5 Qb7 19. Qa4 Rd8 20. Bg5 h6 21. Bxf6 Bxf6 22. c4 Nd7 23. b4 Bg7 24. Nc3 Nb6 25. Qa5 Rb8 26. Rd1 Bf8 27. Nd2 Qe7 28. Nb3 f5 29. c5 Qe6 30. Nd5 Nxd5 31. Bc4 fxe4 32. c6 Bxc6 33. b5 Rxb5 34. Qxb5 Bxb5 35. Bxd5 Qxd5 36. Rxd5 Bc4 37. Ra5 Bxb3 38. Ra7 Bc4 39. Rc7 d5 40. g3 Bd3 41. Kg2 d4 42. h4 Be2 43. Rd7 d3 44. Rd8 Kf7 45. Rd7+ Ke6 46. Rd8 Be7 47. Ra8 d2 48. Ra1 d1Q 49. Rxd1 Bxd1 50. h5 Bxh5 51. g4 Bxg4 52. f3 exf3+ 53. Kf2 Bh4+ 54. Kg1 f2+ 55. Kh2 Bh3 56. Kxh3 f1Q+ 57. Kxh4 Qg1 58. Kh3 h5 0-1

[Event "GER-ch U14"]
[Site "Willingen"]
[Date "2016.05.17"]
[Round "4"]
[White "Meric, Geoffrey"]
[Black "Pysarenko, Kyrill"]
[Result "1-0"]
[WhiteElo "1803"]
[BlackElo "1687"]
[PlyCount "77"]
[EventDate "2016.05.15"]
[EventType "swiss"]
[EventRounds "9"]
[EventCountry "GER"]
[SourceTitle "CBM 172 Extra"]
[Source "ChessBase"]
[SourceDate "2016.06.21"]
[SourceVersion "1"]
[SourceVersionDate "2016.06.21"]
[SourceQuality "1"]

1. e4 c5 2. Nf3 e6 3. d4 cxd4 4. Nxd4 Nf6 5. Nc3 d6 6. g4 Nc6 7. g5 Nd7 8. Be3 a6 9. h4 g6 10. h5 Bg7 11. Nxc6 bxc6 12. Qxd6 Be5 13. Qxc6 Rb8 14. 0-0-0 Bb7 15. Qa4 Rc8 16. Bd4 Qxg5+ 17. Kb1 Bc6 18. Qxa6 0-0 19. Bxe5 Nxe5 20. Bd3 Ra8 21. Qb6 Rfb8 22. Qe3 Qe7 23. b3 Ba4 24. f4 Nc6 25. hxg6 fxg6 26. Kc1 Bxb3 27. axb3 Qb4 28. Bc4 Qa3+ 29. Kd2 Nb4 30. Bxe6+ Kf8 31. Qc5+ Ke8 32. Rxh7 Rd8+ 33. Ke2 Qa6+ 34. Bc4 Qf6 35. Bb5+ Rd7 36. Bxd7+ Kd8 37. Bb5+ Nd3 38. Rxd3+ Qd4 39. Qc7# 1-0

[Event "Hannover-chC"]
[Site "Lehrte"]
[Date "2015.10.29"]
[Round "1"]
[White "Meric, Geoffrey"]
[Black "Stoy, Ulf"]
[Result "1/2-1/2"]
[WhiteElo "1729"]
[BlackElo "1936"]
[PlyCount "52"]
[EventDate "2015.10.29"]
[EventType "swiss"]
[EventRounds "7"]
[EventCountry "GER"]
[SourceTitle "EXT 2021"]
[Source "ChessBase"]
[SourceDate "2020.10.23"]
[SourceVersion "1"]
[SourceVersionDate "2020.10.23"]
[SourceQuality "1"]

1. e4 d6 2. d4 Nf6 3. Nc3 g6 4. f4 Bg7 5. Nf3 c5 6. d5 0-0 7. Bc4 b5 8. Bxb5 Nxe4 9. Nxe4 Qa5+ 10. Nc3 Bxc3+ 11. bxc3 Qxb5 12. Qd3 Qxd3 13. cxd3 Bf5 14. Kd2 Na6 15. h3 c4 16. dxc4 Rac8 17. Nd4 Rxc4 18. Nxf5 gxf5 19. Re1 Re8 20. Kd3 Ra4 21. Be3 Nc7 22. c4 Ra3+ 23. Kd2 Rb8 24. Bd4 e6 25. dxe6 fxe6 26. Re3 Rxe3 1/2-1/2

[Event "GER-chT Lands U20"]
[Site "Hannover"]
[Date "2015.10.04"]
[Round "3.4"]
[White "Meric, Geoffrey"]
[Black "Weber, Samuel"]
[Result "1-0"]
[WhiteElo "1696"]
[BlackElo "1866"]
[PlyCount "93"]
[EventDate "2015.10.03"]
[EventType "team-swiss"]
[EventRounds "7"]
[EventCountry "GER"]
[SourceTitle "CBM 168 Extra"]
[Source "ChessBase"]
[SourceDate "2015.10.29"]
[SourceVersion "1"]
[SourceVersionDate "2015.10.29"]
[SourceQuality "1"]
[WhiteTeam "Niedersachsen (U20) II"]
[BlackTeam "Hessen (U20)"]
[WhiteTeamCountry "GER"]
[BlackTeamCountry "GER"]

1. e4 d5 2. exd5 Nf6 3. d4 Bg4 4. Be2 Bxe2 5. Nxe2 Qxd5 6. 0-0 e6 7. Nbc3 Qf5 8. Ng3 Qa5 9. Bf4 Nc6 10. Qd3 0-0-0 11. Nce2 Nd5 12. Bd2 Qb6 13. c3 h5 14. b4 h4 15. Ne4 e5 16. a4 a5 17. b5 Nb8 18. c4 Nb4 19. Qh3+ Nd7 20. c5 Qg6 21. Bxb4 axb4 22. Nd2 exd4 23. c6 bxc6 24. Nxd4 c5 25. Nc6 Re8 26. a5 f5 27. a6 Qg4 28. Qb3 Nb6 29. Rfc1 h3 30. Qg3 Qxg3 31. fxg3 Re2 32. Nc4 Rxg2+ 33. Kh1 Nxc4 34. a7 Nb6 35. a8Q+ Nxa8 36. Rxa8+ Kd7 37. Re1 Be7 38. Rxe7+ Kd6 39. Rxh8 Kd5 40. Rd8+ Kc4 41. Ne5+ Kc3 42. Rxc7 b3 43. Rxc5+ Kb4 44. Rc4+ Ka3 45. Ra8+ Kb2 46. Nd3+ Kb1 47. Rc1# 1-0

[Event "Daehne Cup Region 14/15 III"]
[Site "Isernhagen"]
[Date "2015.06.20"]
[Round "2"]
[White "Meric, Geoffrey"]
[Black "Hachtmann, Christian"]
[Result "1/2-1/2"]
[WhiteElo "1652"]
[BlackElo "2018"]
[PlyCount "150"]
[EventDate "2015.06.20"]
[EventType "k.o."]
[EventRounds "5"]
[EventCountry "GER"]
[SourceTitle "EXT 2022"]
[Source "ChessBase"]
[SourceDate "2021.10.06"]
[SourceVersion "1"]
[SourceVersionDate "2021.10.06"]
[SourceQuality "1"]

1. e4 e6 2. d4 d5 3. exd5 exd5 4. c4 Nf6 5. Nc3 Bb4 6. Bd3 dxc4 7. Bxc4 0-0 8. Nge2 Bf5 9. 0-0 Bd6 10. f3 Nbd7 11. Be3 Nb6 12. Bb3 c6 13. Bf2 Qc7 14. Bg3 Rad8 15. Rc1 Qd7 16. Bxd6 Qxd6 17. Qd2 Rfe8 18. Rfe1 Be6 19. Bxe6 Rxe6 20. Rcd1 Rde8 21. b3 Qe7 22. Kf2 Nbd5 23. Nxd5 Nxd5 24. Ng3 Ne3 25. Rc1 f5 26. Re2 Qh4 27. Kg1 f4 28. Ne4 Rg6 29. Rc5 b6 30. Re5 Rxe5 31. dxe5 Qe7 32. Qd4 c5 33. Qc3 Re6 34. Nf2 Qg5 35. Nd3 Qf5 36. Nxf4 Qxf4 37. Qxe3 Qxe3+ 38. Rxe3 g5 39. Kf2 Kf7 40. Kg3 Kg6 41. h4 Kf5 42. hxg5 Rxe5 43. Rxe5+ Kxe5 44. f4+ Ke4 45. Kg4 b5 46. f5 c4 47. bxc4 bxc4 48. f6 c3 49. f7 c2 50. f8Q c1Q 51. Qf5+ Kd4 52. Qf4+ Qxf4+ 53. Kxf4 a5 54. Kf5 Ke3 55. a4 Kf2 56. Kf6 Kg3 57. Kg7 Kg4 58. Kxh7 Kxg5 59. Kg7 Kg4 60. Kf6 Kg3 61. Ke5 Kxg2 62. Kd5 Kf3 63. Kc5 Ke4 64. Kb6 Kd5 65. Kb5 Kd6 66. Kxa5 Kc5 67. Ka6 Kc6 68. a5 Kc7 69. Kb5 Kb7 70. a6+ Ka7 71. Ka5 Kb8 72. Kb6 Ka8 73. Kc6 Ka7 74. Kb5 Kb8 75. Kb6 Ka8 1/2-1/2

[Event "Daehne Cup Region 14/15 III"]
[Site "Isernhagen"]
[Date "2015.06.20"]
[Round "1"]
[White "Meric, Geoffrey"]
[Black "Nidzwetzki, Nadja"]
[Result "1-0"]
[WhiteElo "1652"]
[BlackElo "988"]
[PlyCount "73"]
[EventDate "2015.06.20"]
[EventType "k.o."]
[EventRounds "5"]
[EventCountry "GER"]
[SourceTitle "EXT 2022"]
[Source "ChessBase"]
[SourceDate "2021.10.06"]
[SourceVersion "1"]
[SourceVersionDate "2021.10.06"]
[SourceQuality "1"]

1. e4 e5 2. Nf3 Nc6 3. Bc4 Bc5 4. 0-0 d6 5. c3 Bg4 6. d3 Nf6 7. a4 0-0 8. b4 b6 9. bxc5 bxc5 10. Nbd2 Ne7 11. h3 Bxf3 12. Nxf3 h6 13. Be3 Qb8 14. Rb1 Qe8 15. Nh2 Ng6 16. Ng4 Qe7 17. Qf3 Nh4 18. Nxf6+ Qxf6 19. Qxf6 gxf6 20. Bxh6 Rfe8 21. Rb7 Re7 22. Rfb1 Rae8 23. Rxa7 Kh7 24. Be3 Ng6 25. Rbb7 Nf8 26. Rxc7 Rxc7 27. Rxc7 Ra8 28. Rxf7+ Kg6 29. g4 Rxa4 30. Rxf8 Ra1+ 31. Kg2 Ra3 32. Bd2 Kg7 33. Rg8+ Kh7 34. h4 Ra1 35. g5 fxg5 36. hxg5 Rd1 37. g6# 1-0

[Event "GER-ch U12"]
[Site "Willingen"]
[Date "2015.05.29"]
[Round "9"]
[White "Biermann, Lenhard"]
[Black "Meric, Geoffrey"]
[Result "1-0"]
[WhiteElo "1737"]
[BlackElo "1510"]
[PlyCount "91"]
[EventDate "2015.05.24"]
[EventType "swiss"]
[EventRounds "11"]
[EventCountry "GER"]
[SourceTitle "CBM 166 Extra"]
[Source "ChessBase"]
[SourceDate "2015.06.18"]
[SourceVersion "1"]
[SourceVersionDate "2015.06.18"]
[SourceQuality "1"]

1. d4 Nf6 2. c4 g6 3. Nc3 Bg7 4. Nf3 0-0 5. Bf4 d6 6. e3 Nbd7 7. Be2 Re8 8. h3 Nh5 9. Bh2 e5 10. 0-0 f5 11. Rc1 e4 12. Nd2 Nhf6 13. Nb3 Nf8 14. c5 d5 15. c6 b6 16. Na1 a6 17. Nc2 g5 18. Nb4 Be6 19. Nxa6 Re7 20. Nb4 Ng6 21. Qd2 h5 22. f3 g4 23. fxg4 fxg4 24. hxg4 Nxg4 25. Ncxd5 Bxd5 26. Nxd5 Re8 27. Bxg4 Qxd5 28. Be2 Qxa2 29. Bc4+ Qxc4 30. Rxc4 Bh6 31. Qe2 Ra5 32. Be5 Rexe5 33. dxe5 Nxe5 34. Rxe4 Ng4 35. Rxg4+ hxg4 36. Qc4+ Kh7 37. Qe4+ Kg7 38. Qe7+ Kg6 39. Qf7+ Kg5 40. Qf6+ Kh5 41. Rf5+ Rxf5 42. Qxf5+ Kh4 43. g3+ Kh3 44. Qf1+ Kxg3 45. Qf2+ Kh3 46. Qh2# 1-0

[Event "GER-ch U12"]
[Site "Willingen"]
[Date "2015.05.29"]
[Round "10"]
[White "Meric, Geoffrey"]
[Black "Knuedel, Torben"]
[Result "1/2-1/2"]
[WhiteElo "1510"]
[BlackElo "1553"]
[PlyCount "90"]
[EventDate "2015.05.24"]
[EventType "swiss"]
[EventRounds "11"]
[EventCountry "GER"]
[SourceTitle "CBM 166 Extra"]
[Source "ChessBase"]
[SourceDate "2015.06.18"]
[SourceVersion "1"]
[SourceVersionDate "2015.06.18"]
[SourceQuality "1"]

1. e4 e6 2. d4 d5 3. exd5 exd5 4. c4 c6 5. Nc3 Be6 6. Qb3 Qd7 7. cxd5 cxd5 8. Nf3 Nc6 9. Bd3 g6 10. Bf4 a6 11. 0-0 Bg7 12. Rfe1 Nge7 13. Ne2 0-0 14. Ne5 Nxe5 15. Bxe5 Nc6 16. Bxg7 Kxg7 17. Rad1 Rac8 18. Bb1 Qd6 19. f4 Na5 20. Qf3 Rce8 21. b3 Nc6 22. Ng3 Qb4 23. Qf2 Bg4 24. Rxe8 Rxe8 25. Rd2 Bd7 26. h3 Qc3 27. Kh2 h5 28. f5 Re3 29. f6+ Kf8 30. Rc2 Qe1 31. Qxe1 Rxe1 32. Rb2 Nxd4 33. Rd2 Rxb1 34. Rxd4 Bc6 35. Ne2 Rb2 36. Nc3 Rc2 37. Nxd5 Rxa2 38. b4 g5 39. Kg1 g4 40. hxg4 hxg4 41. g3 Bxd5 42. Rxd5 Ke8 43. Rd4 Ra4 44. Rxg4 Kd7 45. Re4 Kd6 1/2-1/2

[Event "GER-ch U12"]
[Site "Willingen"]
[Date "2015.05.28"]
[Round "8"]
[White "Meric, Geoffrey"]
[Black "Popist, Florian"]
[Result "1-0"]
[WhiteElo "1510"]
[BlackElo "1422"]
[PlyCount "41"]
[EventDate "2015.05.24"]
[EventType "swiss"]
[EventRounds "11"]
[EventCountry "GER"]
[SourceTitle "CBM 166 Extra"]
[Source "ChessBase"]
[SourceDate "2015.06.18"]
[SourceVersion "1"]
[SourceVersionDate "2015.06.18"]
[SourceQuality "1"]

1. e4 c5 2. Nf3 e6 3. d4 cxd4 4. Nxd4 a6 5. Nc3 Qc7 6. g3 Nc6 7. Be3 Nf6 8. Bg2 Ng8 9. 0-0 Be7 10. f4 h5 11. f5 h4 12. fxe6 dxe6 13. Qg4 Bf6 14. Rxf6 Nxf6 15. Qxg7 Rg8 16. Qxf6 hxg3 17. h3 Rg6 18. Qh8+ Ke7 19. Nxc6+ Qxc6 20. Rd1 Qe8 21. Bc5# 1-0

[Event "Hannover Ihme Cup"]
[Site "Hannover"]
[Date "2015.05.08"]
[Round "1"]
[White "Meric, Geoffrey"]
[Black "Schmidt, Dennis"]
[Result "0-1"]
[WhiteElo "1476"]
[BlackElo "2036"]
[PlyCount "96"]
[EventDate "2015.05.08"]
[EventType "swiss"]
[EventRounds "5"]
[EventCountry "GER"]
[SourceTitle "EXT 2021"]
[Source "ChessBase"]
[SourceDate "2020.10.23"]
[SourceVersion "1"]
[SourceVersionDate "2020.10.23"]
[SourceQuality "1"]

1. e4 c5 2. Nf3 d6 3. d4 cxd4 4. Nxd4 Nf6 5. Nc3 e6 6. g3 Be7 7. Bg2 Nc6 8. Be3 a6 9. h3 0-0 10. 0-0 Bd7 11. f4 Qc7 12. g4 Nxd4 13. Bxd4 Bc6 14. g5 Nd7 15. Be3 f5 16. Qd4 fxe4 17. Nxe4 d5 18. Nf2 Bb5 19. Rfe1 Bc5 20. Qc3 Qd6 21. Bxc5 Nxc5 22. Qe5 Qxe5 23. fxe5 Rf5 24. h4 Raf8 25. Ng4 Rf4 26. Bh3 Kf7 27. b3 a5 28. Rad1 Kg6 29. c3 Kh5 30. Rd4 Kxh4 31. Kh2 Ne4 32. c4 Nxg5 33. Rxf4 Rxf4 34. cxb5 Nxh3 35. Ne3 Rf2+ 36. Ng2+ Kg4 37. Re3 Nf4 38. Rg3+ Kf5 39. Rxg7 Rxg2+ 40. Rxg2 Nxg2 41. Kxg2 Kxe5 42. a4 Kd4 43. b4 axb4 44. a5 Kc5 45. a6 bxa6 46. bxa6 Kb6 47. Kf3 e5 48. Ke3 h5 0-1

[Event "Hannover-ch U12"]
[Site "Lehrte"]
[Date "2014.10.26"]
[Round "4"]
[White "Pubantz, Jan"]
[Black "Meric, Geoffrey"]
[Result "0-1"]
[WhiteElo "1125"]
[BlackElo "1488"]
[PlyCount "92"]
[EventDate "2014.10.25"]
[EventType "swiss"]
[EventRounds "11"]
[EventCountry "GER"]
[SourceTitle "EXT 2021"]
[Source "ChessBase"]
[SourceDate "2020.10.23"]
[SourceVersion "1"]
[SourceVersionDate "2020.10.23"]
[SourceQuality "1"]

1. e4 c5 2. Nf3 Nc6 3. d4 cxd4 4. Nxd4 e5 5. Nb5 d6 6. N1c3 a6 7. Na3 Be7 8. Be3 Nf6 9. Nd5 Nxd5 10. exd5 Nb8 11. c4 0-0 12. Bd3 f5 13. 0-0 Bg5 14. Nc2 Bxe3 15. fxe3 Qg5 16. e4 f4 17. Be2 Nd7 18. Bg4 Nf6 19. Bxc8 Raxc8 20. Qe2 h5 21. Ne1 Qg6 22. Nf3 Qxe4 23. Qxe4 Nxe4 24. b3 Nc5 25. Rfe1 Kh7 26. Ng5+ Kh6 27. h4 Kg6 28. Ne4 Nxe4 29. Rxe4 Kf5 30. Rae1 Kg4 31. Kf2 Kxh4 32. g3+ Kg5 33. gxf4+ Rxf4+ 34. Rxf4 Kxf4 35. Rg1 Rc7 36. Rg6 Rd7 37. Kg2 Kf5 38. Re6 g5 39. Kg3 h4+ 40. Kh3 e4 41. Re8 Rf7 42. Re6 Rf6 43. Re7 Kf4 44. Rxb7 g4+ 45. Kg2 h3+ 46. Kh2 Kf3 0-1

[Event "FRA-chT U20 16 GP Basse 1213"]
[Site "France"]
[Date "2013.05.19"]
[Round "9"]
[White "Conan, Perceval"]
[Black "Meric, Geoffrey"]
[Result "0-1"]
[WhiteElo "1260"]
[BlackElo "1290"]
[PlyCount "102"]
[EventDate "2012.12.01"]
[EventType "team"]
[EventRounds "11"]
[EventCountry "FRA"]
[SourceTitle "EXT 2014"]
[Source "ChessBase"]
[SourceDate "2013.11.20"]
[SourceVersion "1"]
[SourceVersionDate "2013.11.20"]
[SourceQuality "1"]
[WhiteTeam "Lutece (U20)"]
[BlackTeam "Sainte Foy (U20)"]
[WhiteTeamCountry "FRA"]
[BlackTeamCountry "FRA"]

1. e4 c5 2. Nf3 d6 3. Nc3 Nc6 4. Bb5 Bd7 5. 0-0 g6 6. d3 Bg7 7. Be3 a6 8. Bxc6 bxc6 9. Qd2 e6 10. a3 Ne7 11. Rab1 0-0 12. Ne2 Rb8 13. c4 Qb6 14. b4 Rb7 15. h3 Rfb8 16. Rfc1 Qc7 17. Bg5 Bc8 18. Ne1 a5 19. Nc2 Rb6 20. Qe1 axb4 21. axb4 cxb4 22. Nxb4 f6 23. Be3 c5 24. Nc2 Rb2 25. Rxb2 Rxb2 26. d4 cxd4 27. Bxd4 Ra2 28. Nb4 Ra4 29. Ng3 Nc6 30. Nxc6 Qxc6 31. Qe2 Ba6 32. Qb2 e5 33. Qb8+ Bf8 34. Be3 Rxc4 35. Rxc4 Qxc4 36. Bh6 Qc8 37. Qxc8 Bxc8 38. Bxf8 Kxf8 39. f3 f5 40. exf5 gxf5 41. Kf2 Kf7 42. Ke3 f4+ 43. Ke4 fxg3 44. f4 Bxh3 45. fxe5 Bxg2+ 46. Kf4 dxe5+ 47. Kxg3 Bd5 48. Kf2 Kf6 49. Ke3 h5 50. Kf2 Kf5 51. Kg3 Kg5 0-1

[Event "FRA-chT U20 GpA 1213"]
[Site "France"]
[Date "2013.01.06"]
[Round "7"]
[White "De Talance, Berenice"]
[Black "Meric, Geoffrey"]
[Result "1-0"]
[WhiteElo "1501"]
[BlackElo "1290"]
[PlyCount "69"]
[EventDate "2012.12.01"]
[EventType "team"]
[EventRounds "7"]
[EventCountry "FRA"]
[SourceTitle "EXT 2014"]
[Source "ChessBase"]
[SourceDate "2013.11.20"]
[SourceVersion "1"]
[SourceVersionDate "2013.11.20"]
[SourceQuality "1"]
[WhiteTeam "Vandoeuvre U20"]
[BlackTeam "Sainte Foy (U20)"]
[WhiteTeamCountry "FRA"]
[BlackTeamCountry "FRA"]

1. e4 c5 2. d4 cxd4 3. c3 Nf6 4. e5 Nd5 5. cxd4 Nc6 6. Nf3 d6 7. exd6 e6 8. Bg5 Nf6 9. Nc3 Bxd6 10. Bc4 Be7 11. 0-0 0-0 12. Re1 a6 13. Ne5 Nxd4 14. Re3 Nf5 15. Re1 Qc7 16. Bb3 b5 17. Rc1 Qb6 18. Qf3 Bb7 19. Qe2 Nd4 20. Qe3 Rfd8 21. Rcd1 Rd6 22. Rd2 Rad8 23. Red1 Kf8 24. Bf4 b4 25. Na4 Qa7 26. Ng6+ hxg6 27. Bxd6 Bxd6 28. Rxd4 Ne8 29. R4d2 Qb8 30. Qh3 Qc7 31. Qh8+ Ke7 32. Qh4+ Kf8 33. Kh1 Bc6 34. Rc2 Be7 35. Qh8# 1-0

[Event "FRA-chT U20 GpA 1213"]
[Site "France"]
[Date "2013.01.06"]
[Round "7"]
[White "Meric, Geoffrey"]
[Black "Charbonnel, Christophe"]
[Result "0-1"]
[WhiteElo "1290"]
[BlackElo "1240"]
[PlyCount "142"]
[EventDate "2012.12.01"]
[EventType "team"]
[EventRounds "7"]
[EventCountry "FRA"]
[SourceTitle "EXT 2014"]
[Source "ChessBase"]
[SourceDate "2013.11.20"]
[SourceVersion "1"]
[SourceVersionDate "2013.11.20"]
[SourceQuality "1"]
[WhiteTeam "Sainte Foy (U20)"]
[BlackTeam "Vandoeuvre U20"]
[WhiteTeamCountry "FRA"]
[BlackTeamCountry "FRA"]

1. e4 d6 2. d4 g6 3. Nc3 Bg7 4. f4 Nf6 5. Nf3 0-0 6. Be3 Nbd7 7. e5 Ng4 8. Bg1 b6 9. h3 Nh6 10. Qd2 Nf5 11. Bf2 Bb7 12. Be2 e6 13. 0-0-0 c6 14. g4 Ne7 15. Rdg1 d5 16. h4 b5 17. g5 Qa5 18. Kb1 Nb6 19. b3 Qa3 20. h5 a5 21. hxg6 fxg6 22. Rc1 b4 23. Nd1 a4 24. Be3 axb3 25. cxb3 Nf5 26. Bf2 Ba6 27. Bxa6 Rxa6 28. Nh4 Nxh4 29. Rxh4 Rc8 30. Be3 Nd7 31. Qh2 Nf8 32. Rc5 Ra5 33. Bc1 Qxa2+ 34. Qxa2 Rxa2 35. Kxa2 Nd7 36. Ra5 c5 37. dxc5 Nxc5 38. Rh2 Nb7 39. Rb5 Rxc1 40. Rxb7 Rxd1 41. Rxb4 Bf8 42. Rb8 Rf1 43. Rh4 d4 44. Rd8 Rd1 45. Kb2 d3 46. Kc3 d2 47. Rxd2 Bb4+ 48. Kc2 Rxd2+ 49. Kc1 Rf2 50. f5 Bd2+ 51. Kd1 Bxg5 52. Rg4 Rxf5 53. Kc2 Rxe5 54. Kc3 Bf6 55. Kc4 g5 56. b4 h5 57. Rg2 Rd5 58. b5 Bd8 59. Re2 Kf7 60. Rf2+ Kg6 61. Re2 Kf5 62. Rf2+ Ke5 63. Re2+ Kd6 64. Rh2 h4 65. Rh3 Kc7 66. Re3 Kd7 67. Re4 h3 68. Re2 g4 69. Rh2 Bc7 70. Rh1 h2 71. b6 Bb8 0-1

[Event "FRA-chT U20 GpA 1213"]
[Site "France"]
[Date "2012.12.02"]
[Round "2"]
[White "Meric, Geoffrey"]
[Black "Christien, Vincent"]
[Result "0-1"]
[WhiteElo "1290"]
[BlackElo "1424"]
[PlyCount "150"]
[EventDate "2012.12.01"]
[EventType "team"]
[EventRounds "7"]
[EventCountry "FRA"]
[SourceTitle "EXT 2014"]
[Source "ChessBase"]
[SourceDate "2013.11.20"]
[SourceVersion "1"]
[SourceVersionDate "2013.11.20"]
[SourceQuality "1"]
[WhiteTeam "Sainte Foy (U20)"]
[BlackTeam "Cannes (U20)"]
[WhiteTeamCountry "FRA"]
[BlackTeamCountry "FRA"]

1. e4 c5 2. c4 Nc6 3. Nc3 Nf6 4. g3 d6 5. Bg2 Be6 6. d3 g6 7. f4 Bg4 8. Nf3 Bg7 9. 0-0 0-0 10. Be3 Qd7 11. Qd2 Rad8 12. Rab1 Rfe8 13. Nd5 Bxf3 14. Bxf3 Nxd5 15. exd5 Nd4 16. Be4 f5 17. Bg2 a6 18. b3 b5 19. Rbc1 b4 20. Rfe1 a5 21. Kh1 Ra8 22. Bxd4 Bxd4 23. Re6 Kf8 24. Rce1 Bc3 25. Qd1 Bxe1 26. Qxe1 a4 27. Qa1 Kf7 28. Qf1 axb3 29. axb3 Rf8 30. Bf3 Ke8 31. Kg2 Kd8 32. Kh3 Ra3 33. Bd1 Rf6 34. Re3 Qe8 35. Qe2 Qf8 36. Kg2 Kd7 37. Qe1 Qg7 38. Kh1 Rf7 39. Kg2 Qh6 40. Re2 Qg7 41. Bc2 Qa1 42. Qf2 Qd4 43. Qxd4 cxd4 44. Bb1 Rxb3 45. Bc2 Ra3 46. Bb1 Rf8 47. Ra2 Rxa2+ 48. Bxa2 Ra8 49. Bb3 Ra3 50. Bc2 Ra2 51. Kh3 Rxc2 52. g4 Rc1 53. c5 dxc5 54. d6 Rg1 55. dxe7 Kxe7 56. g5 Rxg5 57. fxg5 b3 58. Kh4 b2 59. h3 b1Q 60. Kg3 Qe1+ 61. Kf4 Qf2+ 62. Ke5 Qe3+ 63. Kd5 Qe6+ 64. Kxc5 Qd6+ 65. Kc4 Kd7 66. Kb3 Qc5 67. Kb2 Qc3+ 68. Ka2 Kc6 69. Kb1 Qd2 70. h4 f4 71. h5 gxh5 72. g6 hxg6 73. Ka1 f3 74. Kb1 f2 75. Ka1 f1Q# 0-1